| 000 | 00377nam a2200157Ia 4500 | ||
|---|---|---|---|
| 008 | 230718s9999 xx 000 0 und d | ||
| 041 | _aeng | ||
| 082 |
_a515.15 _bMIZ |
||
| 100 |
_aMizrabi _9128063 |
||
| 245 | _aCalculus And Analytical Geometry | ||
| 260 |
_c1985 _bWadsworth |
||
| 300 | _a1050 | ||
| 365 | _cRs. | ||
| 700 |
_aMizrabi & Sullivan _9187604 |
||
| 906 | _cMATHS | ||
| 999 |
_c303632 _d303632 |
||